Geography Quiz

Random Geography or State Quiz

Alliance of Small Island States (AOSIS) Quiz Stats

Quiz not verified by Sporcle

Also try: 5-Letter Europe
Challenge
Share
Tweet
Embed
Score 0/39 Timer 10:00
0 Plays Today
% Correct
St. Vincent and the Grenadines
93%
Bahamas
92.2%
Palau
91.8%
Barbados
90.6%
Federated States of Micronesia
90.6%
Dominica
90.6%
Kiribati
90.2%
Trinidad and Tobago
90.2%
Tuvalu
90.2%
Antigua and Barbuda
89.8%
Fiji
89.8%
Marshall Islands
89.8%
Comoros
89.3%
Haiti
89.3%
Nauru
88.9%
Seychelles
88.9%
Cuba
88.1%
Samoa
87.7%
Maldives
87.3%
Vanuatu
87.3%
% Correct
Dominican Republic
86.9%
Grenada
86.9%
St. Lucia
86.9%
Tonga
86.5%
Cape Verde
86.1%
Jamaica
85.7%
Solomon Islands
85.7%
Sao Tome and Principe
84.8%
Mauritius
84.4%
St. Kitts and Nevis
84%
Singapore
68.9%
Timor-Leste
60.2%
Papua New Guinea
45.9%
Guyana
22.5%
Belize
21.3%
Suriname
20.5%
Cook Islands
17.6%
Niue
16.4%
Guinea-Bissau
16%

You're not logged in!

Compare scores with friends on all Sporcle quizzes.
Join for Free
OR
Log In

You Might Also Like...

Show Comments

Extras

Top Quizzes Today


Score Distribution

Your Account Isn't Verified!

In order to create a playlist on Sporcle, you need to verify the email address you used during registration. Go to your Sporcle Settings to finish the process.

Report this User

Report this user for behavior that violates our Community Guidelines.

Details: